The Merriam-Webster dictionary of synonyms and antonyms (Registro nro. 4697)
[ vista simple ]
| 000 -CABECERA | |
|---|---|
| campo de control de longitud fija | 00489am a2200181a 44500 |
| 005 - FECHA Y HORA DE ACTUALIZACIÓN | |
| campo de control | 20160503145304.0 |
| 008 - LONGITUD FIJA | |
| campo de control de longitud fija | 150227b xxu||||| |||| 00| 0 ES d |
| 041 ## - IDIOMA | |
| Código de idioma del texto/pista de sonido o título separado | |
| 082 ## - CLASIFICACIÓN DECIMAL DEWEY | |
| Número de clasificación | R 413.1 |
| Número de documento/Ítem | D554d |
| 245 ## - TÍTULO PROPIAMENTE DICHO | |
| Título | The Merriam-Webster dictionary of synonyms and antonyms |
| 260 ## - PIE DE IMPRENTA | |
| Lugar de publicación, distribución, etc. | Estados Unidos |
| Nombre del editor, distribuidor, etc. | Merriam-Webster |
| Fecha de publicación, distribución, etc. | 1992 |
| 300 ## - DESCRIPCIÓN FÍSICA | |
| Extensión | 443 páginas |
| 650 ## - Materia General | |
| Materia general | SINONIMOS |
| 650 ## - Materia General | |
| Materia general | ANTONIMOS |
| 650 ## - Materia General | |
| Materia general | DICCIONARIOS |
| 650 ## - Materia General | |
| Materia general | INGLES |
| 942 ## - Punto de Acceso Adicional Koha | |
| Tipo de ítem Koha | Libro |
| Estado perdido | Estado dañado | No para préstamo | Biblioteca permanente | Biblioteca actual | Signatura completa | Código de barras | Precio efectivo a partir del | Tipo de ítem |
|---|---|---|---|---|---|---|---|---|
| Departamento de Biblioteca y Documentación Alfonso Chase Brenes | Departamento de Biblioteca y Documentación Alfonso Chase Brenes | R 413.1 D554d | 13512 | 03/05/2016 | Libro | |||
| Departamento de Biblioteca y Documentación Alfonso Chase Brenes | Departamento de Biblioteca y Documentación Alfonso Chase Brenes | R 413.1 D554d | 14427 | 03/05/2016 | Libro |